Diversity Dimensions in Mathematics and Language Learning : Perspectives on Culture, Education and Multilingualism.

The DaZ-Forschung series presents current research on the acquisition of German as a second language and on education opportunities in the context of migration and multilingualism, in the form of monographs or anthologies. The volumes range from empirical and theory-forming studies through to applic...

Full description

Bibliographic Details
Main Author: Fritz, Annemarie.
Other Authors: Gürsoy, Erkan., Herzog, Moritz.
Format: eBook
Language:English
Published: Berlin/Boston : Walter de Gruyter GmbH, 2021.
Edition:1st ed.
Series:DaZ-Forschung [DaZ-For] Series
Subjects:
Online Access:Click to View
LEADER 02565nam a22003973i 4500
001 EBC7014948
003 MiAaPQ
005 20240729202203.0
006 m o d |
007 cr cnu||||||||
008 240729s2021 xx o ||||0 eng d
020 |a 9783110661941  |q (electronic bk.) 
035 |a (MiAaPQ)EBC7014948 
035 |a (Au-PeEL)EBL7014948 
035 |a (OCoLC)1253313516 
040 |a MiAaPQ  |b eng  |e rda  |e pn  |c MiAaPQ  |d MiAaPQ 
100 1 |a Fritz, Annemarie. 
245 1 0 |a Diversity Dimensions in Mathematics and Language Learning :  |b Perspectives on Culture, Education and Multilingualism. 
250 |a 1st ed. 
264 1 |a Berlin/Boston :  |b Walter de Gruyter GmbH,  |c 2021. 
264 4 |c ©2021. 
300 |a 1 online resource (434 pages) 
336 |a text  |b txt  |2 rdacontent 
337 |a computer  |b c  |2 rdamedia 
338 |a online resource  |b cr  |2 rdacarrier 
490 1 |a DaZ-Forschung [DaZ-For] Series ;  |v v.24 
520 |a The DaZ-Forschung series presents current research on the acquisition of German as a second language and on education opportunities in the context of migration and multilingualism, in the form of monographs or anthologies. The volumes range from empirical and theory-forming studies through to application-oriented articles from the fields of second language acquisition, applied linguistics, education research, language didactics and language teaching. In thematic terms the series contains articles on sociolinguistic and psycholinguistic aspects, on the structure and dynamics of learner languages, on language production and language comprehension as well as intervention studies and research on classroom teaching and conditions of language acquisition. DaZ-Forschung is the first part of the three-part series cluster that will be augmented by the DaZ Handbooks series and the DaZ Textbooks series shortly. 
588 |a Description based on publisher supplied metadata and other sources. 
590 |a Electronic reproduction. Ann Arbor, Michigan : ProQuest Ebook Central, 2024. Available via World Wide Web. Access may be limited to ProQuest Ebook Central affiliated libraries.  
655 4 |a Electronic books. 
700 1 |a Gürsoy, Erkan. 
700 1 |a Herzog, Moritz. 
776 0 8 |i Print version:  |a Fritz, Annemarie  |t Diversity Dimensions in Mathematics and Language Learning  |d Berlin/Boston : Walter de Gruyter GmbH,c2021 
797 2 |a ProQuest (Firm) 
830 0 |a DaZ-Forschung [DaZ-For] Series 
856 4 0 |u https://ebookcentral.proquest.com/lib/matrademy/detail.action?docID=7014948  |z Click to View